Využitie európskych fondov na rozvoj podnikania na Slovensku diplomová práca

Salvato in:
Dettagli Bibliografici
Autore principale: Bartel, Tomáš
Ente Autore: Fakulta podnikového manažmentu EU. Katedra podnikových financií
Altri autori: Jánošová, Veronika, 1953-
Natura: Libro
Lingua:slovacco
Pubblicazione: Bratislava 2008
Tags: Aggiungi Tag
Nessun Tag, puoi essere il primo ad aggiungerne!!

MARC

LEADER 00000nam$a2200000$$$4500
001 0088646
005 20240201120750.1
041 0 |a slo 
044 |a SK 
245 1 0 |a Využitie európskych fondov na rozvoj podnikania na Slovensku  |b diplomová práca  |c Tomáš Bartel ; škol. Veronika Jánošová 
264 1 |a Bratislava  |c 2008 
300 |a 85 s. 
100 1 |a Bartel, Tomáš 
700 1 |a Jánošová, Veronika, 1953- 
710 2 |a Fakulta podnikového manažmentu EU. Katedra podnikových financií